Bài giảng nhi khoa; T2
Gespeichert in:
| Format: | Buch |
|---|---|
| Sprache: | Undetermined |
| Veröffentlicht: |
Đà Nẵng
Nxb. Đà Nẵng
1998
|
| Schlagworte: | |
| Tags: |
Tag hinzufügen
Keine Tags, Fügen Sie den ersten Tag hinzu!
|
| Thư viện lưu trữ: | Trung tâm Học liệu Trường Đại học Cần Thơ |
|---|
| LEADER | 00442nam a2200157Ia 4500 | ||
|---|---|---|---|
| 001 | CTU_28854 | ||
| 008 | 210402s9999 xx 000 0 und d | ||
| 082 | |a 618.92 | ||
| 082 | |b B103/T2/1997 | ||
| 245 | 0 | |a Bài giảng nhi khoa; T2 | |
| 245 | 0 | |c Tạ Thị ánh Hoa...[et al.] | |
| 260 | |a Đà Nẵng | ||
| 260 | |b Nxb. Đà Nẵng | ||
| 260 | |c 1998 | ||
| 650 | |a pediatrics | ||
| 980 | |a Trung tâm Học liệu Trường Đại học Cần Thơ | ||